000 00417nam a22001697a 4500
999 _c11651
_d11651
003 OSt
008 230104b ||||| |||| 00| 0 eng d
020 _a9789390394586
082 _a658.401 EVB
100 _aEVANS,James R
245 _aBusiness Analytics Methods,Models and Decisions
250 _a3rd
260 _aNew Delhi
_bPearson
_c2023
300 _a704
650 _aBusiness Analytics
942 _2ddc
_cREF